000 01166cam a22003014a 4500
999 _c329839
_d329839
001 14306129
003 NUST
005 20170523142322.0
008 060320r20051911pk a b 001 0 eng
010 _a 2005306012
020 _a969351775X
040 _aDLC
_cDLC
042 _alcode
050 0 0 _aDS478.A1
_bP86 2005
082 _a954.912 PUN
110 1 _aPunjab (India)
_91175
245 1 0 _aMutiny records :
_bcorrespondence.
260 _aLahore :
_bSang-e-Meel Publications,
_c2005.
300 _a927 p. :
_bill. ;
_c25 cm.
500 _aOriginally published: Lahore : Punjab Govt. Press, 1911.
500 _a"On the occasion of 150th anniversary of the War of Freedom (1857)."
504 _aIncludes bibliographical references and index.
600 1 0 _aLawrence, John Laird Mair,
_d1811-1879
_vRecords and correspondence.
_91359
610 1 0 _aPunjab (India)
_vRecords and correspondence.
_91360
651 0 _aIndia
_xHistory
_ySepoy Rebellion, 1857-1858
_vSources.
_91361
906 _a7
_bcbc
_corigode
_d3
_encip
_f20
_gy-gencatlg
942 _2ddc
_cBK